| 000 | 00557nam a22001937a 4500 | ||
|---|---|---|---|
| 005 | 20160719110519.0 | ||
| 010 | _aENG-115455 | ||
| 020 |
_a9789351439783 _c150.00 |
||
| 035 | _aEN-98987 | ||
| 037 | _bDBAD/PUB | ||
| 082 | _a346.54015 | ||
| 100 | _aRosedar S.R.A. | ||
| 245 |
_aFamily Law-I / _cRosedar S.R.A. |
||
| 250 | _b2nd ed. | ||
| 260 |
_aGurgaon _bLexis Nexis _c2016 |
||
| 270 |
_a14th Floor, Buiding N0-10,Tower-B,DLF Cyber City,Phase-II _bGurgaon _e122002 |
||
| 300 |
_a223p. _c21cm (pbk) |
||
| 942 |
_2ddc _cEN _h346.5402 _mROS |
||
| 999 |
_c101354 _d101354 |
||